| 000 | 00798nam a22002535a 4500 | ||
|---|---|---|---|
| 008 | 161218b2004 ii a|||frb||| 001 0 eng d | ||
| 020 | _a9788126548453 | ||
| 040 |
_aEG-ScBUE _beng _cEG-ScBUE |
||
| 082 | 0 | 4 |
_222 _a621.317 _bBAT |
| 100 | 1 |
_941726 _aBatarseh, Issa. |
|
| 245 |
_aPower electronic circuits / _cIssa Batarseh. |
||
| 260 |
_aNew Delhi : _bWiley India Pvt. Ltd., _c2004. |
||
| 300 |
_axv, 574 p. : _bill. ; _c24 cm. |
||
| 500 | _aIndex : p. 566-574. | ||
| 504 | _aBibliography : p. 553-565. | ||
| 590 | _aWessam | ||
| 650 | 7 |
_2BUEsh _93725 _aPower electronics. |
|
| 650 | 7 |
_933899 _aElectronic circuit design. |
|
| 650 | 7 |
_96945 _aElectronic circuits. |
|
| 651 | _2BUEsh | ||
| 653 |
_bENGELC _cDecember2016 |
||
| 700 | 1 |
_941726 _aBatarseh, Issa. |
|
| 942 |
_2ddc _e22 _k621.317 BAT |
||
| 999 |
_c23613 _d23585 |
||